[Event "Foment Martinenc op-B 23rd"]
[Site "Barcelona"]
[Date "2023.06.10"]
[Round "8"]
[White "Lambert Pont, James"]
[Black "Valero Roca, Roger"]
[Result "0-1"]
[WhiteElo "1731"]
[BlackElo "1586"]
[PlyCount "108"]
[EventDate "2023.04.22"]
[EventType "swiss"]
[EventRounds "9"]
[EventCountry "ESP"]
[SourceTitle "EXT 2024"]
[Source "ChessBase"]
[SourceDate "2023.10.10"]
[SourceVersion "1"]
[SourceVersionDate "2023.10.10"]
[SourceQuality "1"]

1. d4 Nf6 2. Bf4 d5 3. e3 c5 4. Nf3 e6 5. Nbd2 Bd6 6. c3 0-0 7. Bd3 Qc7 8. Ne5 Nbd7 9. Ndf3 Ne4 10. Qc2 Ndf6 11. Bg3 c4 12. Be2 Rb8 13. Bh4 b5 14. a4 b4 15. Bxf6 gxf6 16. Nxc4 b3 17. Qb1 Nxc3 18. bxc3 dxc4 19. Nd2 Ba6 20. Qb2 Kh8 21. Ne4 Be7 22. Bf3 Bb7 23. h4 f5 24. Nd2 Bxf3 25. Nxf3 Rg8 26. g3 Qc6 27. Ke2 Bd6 28. a5 a6 29. Rhd1 Rb5 30. Ra4 Rb7 31. Rda1 Rc7 32. Nd2 Qb5 33. h5 e5 34. dxe5 Bxe5 35. h6 Qd5 36. Rc1 Qd3+ 37. Ke1 f4 38. Nf3 fxe3 39. Nxe5 exf2+ 40. Qxf2 Qe4+ 41. Kf1 Qxe5 42. Re1 Qxc3 43. Rb4 f6 44. Rb6 Rf8 45. Rxf6 Qxf6 46. Qxf6+ Rxf6+ 47. Kg2 Kg8 48. g4 b2 49. Kg3 Rb7 50. Rb1 c3 51. g5 c2 52. g6 cxb1Q 53. gxh7+ Qxh7 54. Kg4 Rg7+ 0-1

[Event "Foment Martinenc op-B 23rd"]
[Site "Barcelona"]
[Date "2023.06.03"]
[Round "7"]
[White "Rigol Martinez, Axel"]
[Black "Lambert Pont, James"]
[Result "1-0"]
[WhiteElo "1649"]
[BlackElo "1731"]
[PlyCount "37"]
[EventDate "2023.04.22"]
[EventType "swiss"]
[EventRounds "9"]
[EventCountry "ESP"]
[SourceTitle "EXT 2024"]
[Source "ChessBase"]
[SourceDate "2023.10.10"]
[SourceVersion "1"]
[SourceVersionDate "2023.10.10"]
[SourceQuality "1"]

1. d4 d5 2. c4 e6 3. e3 Nf6 4. Bd3 c6 5. Nc3 Bd6 6. Nf3 0-0 7. 0-0 Re8 8. Ne5 Nbd7 9. f4 Qc7 10. c5 Be7 11. g4 b6 12. g5 Nxe5 13. fxe5 Nd7 14. Bxh7+ Kf8 15. Rxf7+ Kxf7 16. Qh5+ Kf8 17. Bg6 Nf6 18. gxf6 Bxf6 19. Qh8+ 1-0

[Event "Barcelona Sants op-C 23rd"]
[Site "Barcelona"]
[Date "2022.08.22"]
[Round "4"]
[White "Lambert Pont, James"]
[Black "Sviridenko, Yaroslav"]
[Result "0-1"]
[WhiteElo "1538"]
[BlackElo "1612"]
[PlyCount "49"]
[EventDate "2022.08.19"]
[EventType "swiss"]
[EventRounds "10"]
[EventCountry "ESP"]
[SourceTitle "EXT 2023"]
[Source "ChessBase"]
[SourceDate "2022.10.05"]
[SourceVersion "1"]
[SourceVersionDate "2022.10.05"]
[SourceQuality "1"]

1. d4 Nf6 2. Bf4 d5 3. e3 e6 4. Nf3 c5 5. Nbd2 Nc6 6. c3 Bd6 7. Bg3 0-0 8. Bd3 b6 9. Qe2 Bb7 10. e4 dxe4 11. Nxe4 Nxe4 12. Bxe4 cxd4 13. Rd1 e5 14. 0-0 Re8 15. cxd4 exd4 16. Nxd4 Bxg3 17. Nxc6 Bxh2+ 18. Kxh2 Qh4+ 19. Kg1 Rxe4 20. Qb5 Re6 21. Nxa7 Rh6 22. f3 Qh2+ 23. Kf2 Rg6 24. Rg1 Qg3+ 25. Ke3 0-1

[Event "Roncana op-B 13th"]
[Site "Santa Eulalia de Roncana"]
[Date "2019.10.05"]
[Round "2"]
[White "Lambert Pont, James"]
[Black "Fradera Manils, Josep"]
[Result "0-1"]
[WhiteElo "1462"]
[BlackElo "1677"]
[PlyCount "72"]
[EventDate "2019.09.28"]
[EventType "swiss"]
[EventRounds "8"]
[EventCountry "ESP"]
[SourceTitle "CBM 193 Extra"]
[Source "ChessBase"]
[SourceDate "2020.01.31"]
[SourceVersion "1"]
[SourceVersionDate "2020.01.31"]
[SourceQuality "1"]

1. d4 c5 2. c3 d5 3. Bf4 Nc6 4. Nf3 Nf6 5. e3 a6 6. Bd3 c4 7. Bc2 Bd7 8. Nbd2 h6 9. 0-0 e6 10. Ne5 Nxe5 11. dxe5 Ng8 12. Nf3 f5 13. Nd4 Qe7 14. Ba4 b5 15. Bc2 g5 16. Bg3 h5 17. h3 Qg7 18. f3 Nh6 19. f4 h4 20. Bh2 g4 21. hxg4 fxg4 22. g3 Nf7 23. Rf2 Qh6 24. Qxg4 hxg3 25. Qxg3 Be7 26. Qg6 Qh4 27. Qg3 0-0-0 28. Qxh4 Rxh4 29. f5 Rg8+ 30. Rg2 Rxg2+ 31. Kxg2 Nh6 32. fxe6 Rg4+ 33. Kf3 Be8 34. Nf5 Nxf5 35. Bxf5 Rg8 36. e4 Bh5+ 0-1

[Event "Llinars del Valles op-B 13th"]
[Site "Llinars del Valles"]
[Date "2019.05.04"]
[Round "4"]
[White "Lambert Pont, James"]
[Black "Codina Rodriguez, Joan"]
[Result "1-0"]
[WhiteElo "1273"]
[BlackElo "1529"]
[PlyCount "51"]
[EventDate "2019.03.30"]
[EventType "swiss"]
[EventRounds "8"]
[EventCountry "ESP"]
[SourceTitle "EXT 2020"]
[Source "ChessBase"]
[SourceDate "2019.10.17"]
[SourceVersion "1"]
[SourceVersionDate "2019.10.17"]
[SourceQuality "1"]

1. d4 Nf6 2. Bf4 Nc6 3. e3 e6 4. Nf3 h6 5. Bd3 Nh5 6. Bg3 Nxg3 7. hxg3 d5 8. Nbd2 Bb4 9. c3 Bd6 10. Qc2 Bd7 11. 0-0-0 Na5 12. Nh2 c5 13. dxc5 Bxc5 14. Rde1 Rc8 15. a3 Bd6 16. f4 Qb6 17. Nhf3 f6 18. Nd4 0-0 19. Bh7+ Kh8 20. Rxh6 gxh6 21. Qg6 Qd8 22. Rh1 Qe7 23. Rxh6 Rf7 24. Bg8+ Rh7 25. Rxh7+ Qxh7 26. Qxh7# 1-0